000 00544nam a2200241Ia 4500
001 106316
003 YMCAF
005 20230512162250.0
008 100717s2001 ||||||||||||||||| ||und|d
024 _a106316
035 _aM538
040 _aYMCAF
_beng
_cIN-KoLT
041 _aeng
082 _a005.118
_bBAL
100 _aBalena, France Co
245 0 _aProgramming microsoft visual basic 6.0
260 _bW.P.
_c2001
300 _a1276
500 _aWith CD
653 _aComputer
653 _aVisual basic 6
942 _2ddc
_cBK
999 _c11093
_d11093